Guess the Country Based Off 2 Cities Part 2 - Statistics

General Stats
  • This quiz has been taken 28 times
  • The average score is 12 of 16
Answer Stats
Cities Country % Correct
Graz, Innsbruck Austria
89%
Kaunas, Vilnius Lithuania
89%
Pattaya, Phuket Thailand
89%
Sukhumi, Tbilisi Georgia
81%
Bar, Podgorica Montenegro
81%
Cordoba, Rosario Argentina
78%
Fortaleza, Porto Alegre Brazil
78%
Kingston, Montego Bay Jamaica
78%
Mandalay, Naypyidaw Myanmar
74%
Abuja, Ibadan Nigeria
74%
Frauenfeld, Lausanne Switzerland
74%
Arlington, Bakersfield United States of America
70%
Paro, Thimpu Bhutan
67%
Agra, Darjeeling India
63%
Ercan, Paphos Cyprus
59%
Chimbote, Cusco Peru
56%
No matching quizzes found
Score Distribution
Percent of People with Each Score
Percentile by Number Answered
Your Score History
You have not taken this quiz